00330nam a2200133Ia 450000500170000000800410001702000170005808200130007510000130008824500240010126000460012530000150017165000100018620250317160740.0240331s9999 xx 000 0 und d a978955095015 bJESa894 aJestin,G 0aVetrilai ninaivukal aColombobPuravalar puththaka poongac2009 aX, 68 p ., apoems